THE ISLAMIC PATTERN OF WAR PALNNING THEORY PALANNING AND TRAINING ILLUSTRATED (Record no. 584401)
[ view plain ]
| 000 -LEADER | |
|---|---|
| fixed length control field | 00310nam a22001097a 4500 |
| 082 ## - DEWEY DECIMAL CLASSIFICATION NUMBER | |
| Classification number | 355.02 KHA'I |
| 100 ## - MAIN ENTRY--PERSONAL NAME | |
| Personal name | KHAN, MUHAMMAD AKBAR |
| 9 (RLIN) | 79358 |
| 245 ## - TITLE STATEMENT | |
| Title | THE ISLAMIC PATTERN OF WAR PALNNING THEORY PALANNING AND TRAINING ILLUSTRATED |
| 250 ## - EDITION STATEMENT | |
| Edition statement | VOL-1&2 |
| 260 ## - PUBLICATION, DISTRIBUTION, ETC. | |
| Place of publication, distribution, etc. | KARACHI |
| Name of publisher, distributor, etc. | ISLAMIC MCA |
| Date of publication, distribution, etc. | 1969 |
| 942 ## - ADDED ENTRY ELEMENTS (KOHA) | |
| Koha item type | Book |
| Withdrawn status | Lost status | Damaged status | Not for loan | Permanent Location | Current Location | Shelving location | Date acquired | Total Checkouts | Full call number | Barcode | Date last seen | Price effective from | Koha item type |
|---|---|---|---|---|---|---|---|---|---|---|---|---|---|
| College of Electrical & Mechanical Engineering (CEME) | College of Electrical & Mechanical Engineering (CEME) | General Stacks | 07/03/2017 | 355.02 KHA'I | CEME-6886 | 06/28/2021 | 06/28/2021 | Book | |||||
| College of Electrical & Mechanical Engineering (CEME) | College of Electrical & Mechanical Engineering (CEME) | General Stacks | 07/03/2017 | 355.02 KHA'I | CEME-6887 | 06/28/2021 | 06/28/2021 | Book |
